| 000 | 00537nam a2200205Ia 4500 | ||
|---|---|---|---|
| 005 | 20250508151826.0 | ||
| 008 | 008 250505s9999 xx 000 0 hin d | ||
| 037 | _aTextBook | ||
| 040 |
_aFEDL _beng _cFEDL |
||
| 041 |
_ahin _2eng |
||
| 084 |
_a371.3, RAJ _qFEDL |
||
| 100 |
_aRaj Santosh _9760090 |
||
| 245 | 0 | _aShiksha sagar | |
| 260 |
_aJalandhar, India _bPunjab Kitab Ghar _c1956 |
||
| 300 | _a768p | ||
| 365 |
_aINR _b6.4 |
||
| 650 | _aTeaching Technique | ||
| 942 |
_cTB _h371.3, RAJ |
||
| 999 |
_c1332337 _d1332337 |
||